000 00605nam a2200229Ia 4500
003 OSt
005 20220924113903.0
006 a|||||r|||| 00| 0
007 ta
008 220923b |||||||| |||| 00| 0 guj d
024 _a347964
037 _cTextual
040 _aARTS
_cARTS
_bguj
041 _2guj
_aguj
082 _aO156,1N08x, L0
100 _aBhagat Niranjan
_9170646
245 0 _aBatlock kavya
260 _aAhmdabad
_bVora India
_c1970
650 _aGUJRATI LITERATURE
942 _hO156,1N08x, L0
_cTEXL
_2CC
999 _c390759
_d390759